000 00403cam a22001217a 4500
008 180718b1980 xxu||||| |||| 00| 0 eng d
082 _aA81x54 In2/71/3/PT6B
100 _aCensus of India 1971
245 _aAssam: special survey report on selected towns (Gauhati)
260 _aDelhi
_bThe Controller of Publications
_c1980
300 _a523+p.
440 _aCensus of India 1971. Series-3, Assam. Part-VIB
999 _c484884
_d484884